Direito eleitoral : (Record no. 752)

MARC details
000 -LÍDER
Campo Fixo de Controle 00849nam a2200265 a 4500
001 - NÚMERO DE CONTROLE
Campo de Controle 752
003 - IDENTIFICAÇÃO DO NÚMERO DE CONTROLE
Campo de Controle BR-CuiBMT
005 - DATA E HORA DA ÚLTIMA ATUALIZAÇÃO
Campo de Controle 20231129141400.0
008 - DADOS FIXOS
Dados Fixos 231116s2015 baba 00| 0 por d
020 ## - INTERNATIONAL STANDARD BOOK NUMBER
Nº do ISBN 8544203345
040 ## - AGÊNCIA CATALOGADORA
Código da Agência Catalogadora BR-CuiBMT
Agência que transcreveu o registro BR-CuiBMT
080 ## - Nº DA CLASSIFICAÇÃO DECIMAL UNIVERSAL
Nº Class. CDU 342.8
Nº edição CDU 2007
090 ## - NÚMERO DE CHAMADA
Nº classificação 342.8
Cutter B271d
100 10 - ENTRADA PRINCIPAL -- AUTOR PESSOAL
Nome pessoal Barreiros Neto, Jaime
245 10 - TÍTULO PRINCIPAL
Título principal Direito eleitoral :
Subtítulo em provas discursivas /
Indicação de responsabilidade Jaime Barreiros Neto.
260 ## - PUBLICAÇÃO, DISTRIBUIÇÃO, ETC.
Local de publicação Salvador :
Editora JusPODIVM,
Data 2015.
300 ## - DESCRIÇÃO FÍSICA
N. páginas ou volumes 223 p. ;
Dimensões 24 cm
490 1# - INDICAÇÃO DE SÉRIE
Título da série Coleção provas discursivas, respondidas e comentadas
504 ## - NOTA DE BIBLIOGRAFIA, ETC.
Nota de bibliografia inclui bibliografia.
650 ## - ASSUNTO TÓPICO
Cabeçalho tópico ou nome geográfico Direito eleitoral
Subdivisão geográfica Brasil
650 ## - ASSUNTO TÓPICO
Cabeçalho tópico ou nome geográfico Justiça eleitoral
Subdivisão geral Questões comentadas
Subdivisão geográfica Brasil
650 ## - ASSUNTO TÓPICO
Cabeçalho tópico ou nome geográfico Processo eleitoral
Subdivisão geral Questões comentadas
830 #0 - ENTRADA SECUNDÁRIA DE SÉRIE -- TÍTULO UNIFORME
Título uniforme Provas discursivas, respondidas e comentadas
942 ## - ELEMENTOS DE ENTRADA ADICIONAIS (KOHA)
Fonte de classificação ou esquema de arquivamento Classificação Decimal Universal
Tipo de item do Koha Livros
Holdings
Estado: removido Estado: perdido Fonte de classificação ou esquema de arquivamento Estado: danificado Indisponível para empréstimo Localização permanente Localização atual Data de aquisição Total Checkouts Número de Chamada completo Código de barras Date last seen Número do exemplar Preço efetivo a partir de Tipo de item (Koha)
    Classificação Decimal Universal     Biblioteca da Escola Superior de Contas do TCE/MT Biblioteca da Escola Superior de Contas do TCE/MT 16/11/2023   342.8 B271d BIBTCEMT23110641 16/11/2023 Ex. 1 16/11/2023 Livros

Powered by Koha